00235nam a22000857a 4500082001600000100001600016245005600032260004000088300002100128 a346.052 MAL aMalik, M.A. aThe Succession Act:bWith Commentary / cM.A. Malik aLahore :bP.L.D. Publishers,c2016. a232 p. ;c24 cm.